Trabajo y producción de la pobreza en latinoamérica y el Caribe: estructuras, discursos y actores /
En este artículo apela a distintas conceptualizaciones que desde las ciencias sociales se han construido para dar cuenta de la persistente y sistemática postergación de sectores importantes del proceso de modernización iniciado por nuestras sociedades. Esto bajo el supuesto de que el trabajo cumple...
שמור ב:
| מחבר ראשי: | |
|---|---|
| מחברים אחרים: | |
| פורמט: | Texto |
| יצא לאור: |
Buenos Aires:
CLACSO
|
| נושאים: | |
| תגים: |
הוספת תג
אין תגיות, היה/י הראשונ/ה לתייג את הרשומה!
|
MARC
| LEADER | 00000 a a2200000 04500 | ||
|---|---|---|---|
| 001 | 32459 | ||
| 003 | |||
| 040 | |||
| 020 | |a 987-1183-23-2 | ||
| 090 | |a 202401 | ||
| 100 | |a Alvárez Leguizamón, Sonia | ||
| 245 | |a Trabajo y producción de la pobreza en latinoamérica y el Caribe: estructuras, discursos y actores / |c Sonia Alvárez Leguizamón | ||
| 260 | |a Buenos Aires: |b CLACSO | ||
| 300 | |a 477 p. | ||
| 520 | |a En este artículo apela a distintas conceptualizaciones que desde las ciencias sociales se han construido para dar cuenta de la persistente y sistemática postergación de sectores importantes del proceso de modernización iniciado por nuestras sociedades. Esto bajo el supuesto de que el trabajo cumple un papel central de integración, y de que hoy no es la falta de trabajo, sino la carencia de oprotunidades para articular al trabajador con nuevas modalidades de demanda y/u oferta de empleo, uno de los principales problemas a ser encarados individual y colectivamente. Es en este sentido que este artículo profundizará en la problemática del desempleo | ||
| 650 | |a DESEMPLEO | ||
| 650 | |a MARGINALIDAD | ||
| 650 | |a MERCADO DEL TRABAJO | ||
| 650 | |a ENTREVISTAS | ||
| 650 | |a URUGUAY | ||
| 650 | |a AMERICA LATINA | ||
| 700 | |a comp. | ||
| 999 | |c 6760 |d 6760 | ||



